00270nam a2200085Ia 4500008004100000100002000041245006500061260004500126300001300171180305s9999 xx 000 0 und d aUrsua, Dante U. cDante U. UrsuaaSonata Song in Flute:bBamboo Flute Music 7/ aMakati CitybKingflute Philippinesc1997 a46 Pages